| 000 | 01090cam a22003014a 4500 | ||
|---|---|---|---|
| 001 | 13057187 | ||
| 003 | SISC | ||
| 005 | 20160226084557.0 | ||
| 008 | 030114s2003 nyuab b 001 0 eng | ||
| 010 | _a 2003041149 | ||
| 020 | _a0761126066 | ||
| 040 |
_aDLC _cDLC _dDLC |
||
| 042 | _apcc | ||
| 043 | _azma---- | ||
| 050 | 0 | 0 |
_aQB 641 _b.H335 2003 |
| 082 | 0 | 0 |
_aHS 919.923 _bH25 2003 |
| 100 | 1 |
_aHartmann, William K. _913995 |
|
| 245 | 1 | 2 |
_aA traveler's guide to Mars : _bthe mysterious landscapes of the red planet / _cWilliam K. Hartmann. |
| 260 |
_aNew York : _bWorkman Pub., _cc2003. |
||
| 300 |
_a468 p. : _bcol. ill. ; _c23 cm. |
||
| 500 | _aIncludes bibliographical references (p. 446-448) and index. | ||
| 651 | 0 |
_aMars (Planet) _913242 |
|
| 856 | 4 | 2 |
_3Publisher description _uhttp://www.loc.gov/catdir/enhancements/fy0665/2003041149-d.html |
| 906 |
_a7 _bcbc _corignew _d1 _eocip _f20 _gy-gencatlg |
||
| 942 |
_2lcc _cBK |
||
| 999 |
_c9529 _d9529 |
||